SYNOPSIS OF ORAL PATHOLOGY (Record no. 2789)

MARC details
000 -LEADER
fixed length control field 00386nam a2200145Ia 4500
008 - FIXED-LENGTH DATA ELEMENTS--GENERAL INFORMATION
fixed length control field 150201s1990 xx 000 0 und d
082 ## - DEWEY DECIMAL CLASSIFICATION NUMBER
Classification number 616.0757
Item number S1990 B
100 ## - MAIN ENTRY--PERSONAL NAME
Personal name BHASHKER,S.N.
245 ## - TITLE STATEMENT
Title SYNOPSIS OF ORAL PATHOLOGY
250 ## - EDITION STATEMENT
Edition statement 7TH
260 ## - PUBLICATION, DISTRIBUTION, ETC. (IMPRINT)
Name of publisher, distributor, etc. C.B.S PUBLISHERS & DISTRIBUTERS
Place of publication, distribution, etc. SHAHDARA ( DELHI)
Date of publication, distribution, etc. 1990
300 ## - PHYSICAL DESCRIPTION
Extent 1-809
650 ## - SUBJECT ADDED ENTRY--TOPICAL TERM
Topical term or geographic name as entry element ORAL PATHOLOGY
942 ## - ADDED ENTRY ELEMENTS (KOHA)
Source of classification or shelving scheme Dewey Decimal Classification
Koha item type Books
Koha issues (borrowed), all copies 1
Holdings
Withdrawn status Lost status Source of classification or shelving scheme Damaged status Not for loan Home library Current library Date acquired Source of acquisition Cost, normal purchase price Serial Enumeration / chronology SGTU Bill Number Total Checkouts Full call number Barcode Date last seen Bill Date Koha item type Date last checked out
    Dewey Decimal Classification     SGT Dental Library SGT Dental Library 13/07/2003 U.B.S.DELHI 395.00 1 SGTU 279   616.0757 S1990 B FD1271 09/02/2015 22/02/2012 Books  
    Dewey Decimal Classification     SGT Dental Library SGT Dental Library 13/07/2003 U.B.S.DELHI 395.00 1 SGTU 279   616.0757 S1990 B FD1272 09/02/2015 22/02/2012 Books  
    Dewey Decimal Classification     SGT Dental Library SGT Dental Library 13/07/2003 U.B.S.DELHI 395.00 1 SGTU 279   616.0757 S1990 B FD1273 09/02/2015 22/02/2012 Books  
    Dewey Decimal Classification     SGT Dental Library SGT Dental Library 13/07/2003 U.B.S.DELHI 395.00 1 SGTU 279 1 616.0757 S1990 B FD1274 27/03/2024 22/02/2012 Books 18/03/2024
    Dewey Decimal Classification     SGT Dental Library SGT Dental Library 13/07/2003 U.B.S.DELHI 395.00 1 SGTU 279   616.0757 S1990 B FD1275 09/02/2015 22/02/2012 Books